「袋」がつく駅名 - Statistics

General Stats
  • This quiz has been taken 325 times
  • The average score is 7 of 14
Answer Stats
都道府県 駅名 % Correct
熊本県
94%
東京都 池袋
92%
静岡県 袋井
82%
東京都 東池袋
73%
茨城県 袋田
72%
東京都 北池袋
64%
東京都 沼袋
63%
埼玉県 大袋
55%
東京都 東池袋四丁目
41%
愛知県 布袋
27%
群馬県 袋倉
25%
岡山県 美袋
25%
広島県 袋町
19%
山形県 西袋
18%
No matching quizzes found
Score Distribution
Percent of People with Each Score
Percentile by Number Answered
Your Score History
You have not taken this quiz